Khái quát thương mại điện tử

Nội dung tài liệu trình bày về các phương thức kinh doanh trên internet, khởi nghiệp kinh doanh trên internet và các kỹ năng marketing trên internet.

সংরক্ষণ করুন:
গ্রন্থ-পঞ্জীর বিবরন
প্রধান লেখক: Nguyễn, Trung Toàn
বিন্যাস: গ্রন্থ
ভাষা:Undetermined
প্রকাশিত: Hà Nội Lao động 2007
বিষয়গুলি:
ট্যাগগুলো: ট্যাগ যুক্ত করুন
কোনো ট্যাগ নেই, প্রথমজন হিসাবে ট্যাগ করুন!
Thư viện lưu trữ: Trung tâm Học liệu Trường Đại học Cần Thơ
LEADER 00795nam a2200193Ia 4500
001 CTU_147345
008 210402s9999 xx 000 0 und d
082 |a 658.8 
082 |b T406 
100 |a Nguyễn, Trung Toàn 
245 0 |a Khái quát thương mại điện tử 
245 0 |c Nguyễn Trung Toàn và nhóm biên dịch 
260 |a Hà Nội 
260 |b Lao động 
260 |c 2007 
520 |a Nội dung tài liệu trình bày về các phương thức kinh doanh trên internet, khởi nghiệp kinh doanh trên internet và các kỹ năng marketing trên internet. 
650 |a Electronic commerce,Thương mại điện tử 
904 |i Duy Bằng 
980 |a Trung tâm Học liệu Trường Đại học Cần Thơ